| 000 | 00494nam a2200181Ia 4500 | ||
|---|---|---|---|
| 003 | GCL | ||
| 005 | 20240530100259.0 | ||
| 008 | 140319s9999 xx 000 0 eng d | ||
| 040 |
_aGCL / _cGCL |
||
| 082 | 0 | 4 |
_a301 _bV S |
| 100 | 1 | _aVOYE, LILIANE | |
| 245 | 1 | 0 |
_aSOCIOLOGIE CONSTRUCTION DU MONDE CONSTRUCTION D'UNE DISCIPLINE / _cVOYE, LILIANE |
| 260 |
_a[S.N] : _bDE BOECK, BELIN ، _c1998 |
||
| 300 | _a221 P | ||
| 650 | 0 | 4 | _aSOCIOLOGY |
| 650 | 0 | 4 | _aSOCIOLOGICAL ASPECTS |
| 942 |
_2ddc _cBK |
||
| 999 |
_c16012 _d16012 |
||